000 00913nam a2200241 i 4500
001 93913
003 ES-MaACL
005 20230906181337.0
007 t|
008 050422s1972 sp |||| | spa d
080 _a1 Ortega y Gasset, José
080 _a1 Ors, Eugenio d'
100 1 _aLópez Quintás, Alfonso.
_973905
245 1 3 _aEl pensamiento filosófico de Ortega y D'Ors
_b: una clave de interpretación /
_cAlfonso López Quintás.
260 _aMadrid :
_bGuadarrama,
_c1972.
300 _a434 p. ;
_c18 cm.
490 1 _aColección universitaria de bolsillo punto omega ;
_v145
600 1 4 _aOrtega y Gasset, José,
_d1883-1955-
_xCrítica e interpretación
_987505
600 0 4 _aOrs, Eugenio d',
_d1881-1954-
_xCrítica e interpretación
_987360
830 0 _aColección universitaria de bolsillo punto omega ;
_v145
_9181409
852 _aES-MaACL
_jC-45487
999 _c93913
_d93913